Disney Villains - Statistics

General Stats
  • This quiz has been taken 87 times
  • The average score is 12 of 15
Answer Stats
Movie Villain % Correct
Lion King Scar
97%
The little mermaid Ursula
96%
Beauty and the beast Gaston
94%
Aladdin Jafar
94%
Peter Pan Captain Hook
93%
101 Dalmations Cruella De vil
93%
Snow White and the seven dwarves The evil queen
90%
Frozen Hans
75%
Sleeping Beauty Maleficent
75%
Tangled Mother Gothel
75%
Toy Story Sid Phillips
75%
Alice in Wonderland Queen of Hearts
74%
The Incredibles Syndrome
69%
The Jungle Book Shere Khan
66%
Cinderella Lady Tremaine
60%
No matching quizzes found
Score Distribution
Percent of People with Each Score
Percentile by Number Answered
Your Score History
You have not taken this quiz